İnadına sosyal demokrasi (Record no. 4429)

MARC details
000 -BAŞLIK
Sabit Uzunlukta Kontrol Alanı 01086na a2200325 4500
001 - KONTROL NUMARASI
Denetim Alanı 16970
003 - KONTROL NUMARASI IDENTIFIER
Denetim Alanı MIRAKIL
005 - SON İŞLEM TARİHİ VE ZAMANI
Denetim Alanı 20181213155005.0
008 - SABİT-BOY VERİ ELEMANLARI - GENEL BİLGİLER
Sabit Uzunlukta Kontrol Alanı 161018b tu 000 0
020 ## - ULUSLARARASI STANDART KİTAP NUMARASI
Uluslararası Standart Kitap Numarası 9756102004
035 ## - SİSTEM KONTROL NUMARASI
Sistem Kontrol Numarası 15247
040 ## - KATALOGLAMA KAYNAK
Orijinal Kataloglama Ajansı Milas
Kataloglama Dili tur
Metne Dönüştürmek Ajansı TR-AnCHP
041 ## - DİL KODU
Metin / Ses Parça Veya Ayrı Başlığın Dil Kodu tur
082 ## - DEWEY ONLU SINIFLANDIRMA NUMARASI
Sınıflandırma Numarası CHP 320.5315
Ürün Numarası S69i 2005
090 ## - SINIFLAMA NUMARASI
Sınıflama Numarası CHP 320.5315 S69i 2005
100 ## - ANA GİRİŞ - KİŞİSEL İSİM
Kişisel Ad Soyer, Mehmet Refik
245 ## - BAŞLIK TABLOSU
Başlık İnadına sosyal demokrasi
Başlığın Kalan Ne olacak bu CHP'nin hali? II
Sorumluluk Tablosu, Vb Mehmet Refik Soyer, Barış Kudar
246 ## - UNVAN FORM VARYING
Başlık Doğru / Kısa Başlığı Ne olacak bu CHPnin hali?
260 ## - YAYIN, DAĞITIM, VB
Yayın, Dağıtım, Vb Yeri İzmir
Yayıncı, Dağıtıcı, Vs Adı Soyer
Yayın, Dağıtım, Vb Tarihi 2005
300 ## - FİZİKSEL TANIM
Kapsam 176 s.
Diğer Fiziksel Ayrıntıları fotg.
Boyutlar 19 sm.
440 ## - SERİSİ TABLOSU / KATMA GİRİŞİ - BAŞLIK
Başlık Soyer yayıncılık
Bir İşin Parçası / Bölümün İsmi Politika serisi
Hacim / Ardışık Tanımı 1
490 ## - SERİSİ TABLOSU
Seri Beyanı Ne olacak bu CHP'nin hali? serisi
Hacim / Ardışık Tanımı 2
500 ## - GENEL NOT
Genel Not Kitap, Mayıs 2004'te DEMKÜLDER tarafından düzenlenen panelleri içermektedir.
610 ## - KONU KATMA GİRİŞ - TOPLANTI ADI
Giriş Elemanı Olarak Kurumsal Ad Veya Yargı Alanı Adı Cumhuriyet Halk Partisi (CHP)
Genel Alt Bölüm Tarih
650 ## - KONU KATMA GİRİŞ - TOPİKAL DÖNEM
Topikal Süreli Veya Coğrafi Ad Giriş Elemanı Sosyal demokrasi
Coğrafi Alt Bölümü Türkiye
650 ## - KONU KATMA GİRİŞ - TOPİKAL DÖNEM
Topikal Süreli Veya Coğrafi Ad Giriş Elemanı Sosyal demokrat partiler
Genel Alt Bölümü İdeolojiler
Coğrafi Alt Bölümü Türkiye
700 ## - KATMA GİRİŞ - KİŞİSEL İSİM
Kişisel Ad Kudar, Barış
740 ## - KATMA GİRİŞ - KONTROLSUZ İLGİLİ / ANALİTİK BAŞLIK
Kontrol Edilmeyen / İlgili Analitik Başlıktaki Ne olacak bu CHP'nin hali?
942 ## - EKLENDİ GİRİŞ ELEMANLARI (KOHA)
Sınıflandırma Veya Raf Düzeni Kaynak
Koha Öğesi Türü Books
999 ## - SİSTEM KONTROL NUMARALARI (KOHA)
Koha Biblionumber 4429
Koha Biblioitemnumber 4429
Holdings
Kullanım Kısıtlamaları Kalıcı Konum Mevcut Konum Edinme Tarihi Edinim Kaynak Toplam Check-Out'Lar Tam Çağrı Numarası Barkod Tarih Son Görülme İtibaren Geçerli Fiyatlar Koha Öğesi Türü
Kütüphane dışına çıkarılamaz CHP Kütüphanesi CHP Kütüphanesi 10/18/2016 Bağış   CHP 320.5315 S69i 2005 006907 10/18/2016 10/18/2016 Books